Lenin [mellszobor fényképe] /

Elmentve itt :
Bibliográfiai részletek
Szerző: Tápai Antal
Dokumentumtípus: Cikk
Megjelent: 1970-01-23
Sorozat:Délmagyarország 60 No. 19
Kulcsszavak:Lenin, Vladimir Il'ič, Szobrászat Szeged, szobrászat-emléktábla
Online Access:http://dmarchiv.bibl.u-szeged.hu/77372
LEADER 00502nab a2200157 i 4500
001 delm77372
005 20180928084307.0
008 180928s1970 hu o 0|| hun d
040 |a SZTE Délmagyarország Archívum  |b hun 
041 |a hun 
100 1 |a Tápai Antal 
245 1 0 |a Lenin   |h [elektronikus dokumentum] :  |b [mellszobor fényképe] /  |c  Tápai Antal 
260 |c 1970-01-23 
300 |a 5 
490 0 |a Délmagyarország  |v 60 No. 19 
695 |a Lenin, Vladimir Il'ič, Szobrászat Szeged, szobrászat-emléktábla